000 00626nam a2200241Ia 4500
003 OSt
005 20220926035032.0
006 a|||||r|||| 00| 0
007 ta
008 220923b |||||||| |||| 00| 0 eng d
037 _cGeneral Book
040 _aRTL
_cRTL
_beng
041 _2eng
_aeng
082 _aB271, J3
100 _aLedermann Walter
_9291210
245 0 _aIntroduction to the theory of finite groups
250 _a2
260 _c1953
490 _aUniversity Mathematical Texts
650 _aMatrix
_9234093
942 _hB271, J3
_cGB
_2CC
999 _c661188
_d661188